Guess The Country #2 - Statistics

General Stats
  • This quiz has been taken 28 times
  • The average score is 7 of 17
Answer Stats
Definition Country % Correct
The process of darking skin using the sun Tanzania
92%
A flattened appendage on fish used for propelling, steering, and balancing Finland
84%
Article of clothing that Superman is famous for Cape Verde
72%
A container made of metal and used for cooking food Panama
64%
A cylindrical metal container Canada
56%
A shortened version of robot Botswana
52%
An irritant chemical used in an aerosol to disable attackers Macedonia
52%
Another word for angry Madagascar
44%
A harbor Portugal
44%
A sharp projection near the end of an arrow, fishhook, or similar item Barbados
36%
Antiquated way to say anger Ireland
32%
Extremely small Micronesia
28%
A furry growth of minute fungal hyphae occurring typically in moist warm conditions Moldova
28%
To be alone Solomon Islands
24%
To talk, typically at length, about trivial matters Gabon
16%
Of a lower position Netherlands
12%
bland soft or semiliquid food such as that suitable for babies or invalids Papua New Guinea
12%
No matching quizzes found
Score Distribution
Percent of People with Each Score
Percentile by Number Answered
Your Score History
You have not taken this quiz